South Eastern Kenya University

Library Online Public Access Catalogue


Comparative education : (Record no. 10289)

MARC details
000 -LEADER
fixed length control field 00891cam a2200289 a 4500
001 - CONTROL NUMBER
control field 14844543
003 - CONTROL NUMBER IDENTIFIER
control field OSt
005 - DATE AND TIME OF LATEST TRANSACTION
control field 20160203180327.0
008 - FIXED-LENGTH DATA ELEMENTS--GENERAL INFORMATION
fixed length control field 070509s2007 sa ab b 001 0 eng
010 ## - LIBRARY OF CONGRESS CONTROL NUMBER
LC control number 2007325694
020 ## - INTERNATIONAL STANDARD BOOK NUMBER
International Standard Book Number 0627026753
022 ## - INTERNATIONAL STANDARD SERIAL NUMBER
Source 8171419127
040 ## - CATALOGING SOURCE
Original cataloging agency SEKU
050 00 - LIBRARY OF CONGRESS CALL NUMBER
Classification number LB 43
Item number .C6 2007
100 ## - MAIN ENTRY--PERSONAL NAME
Personal name Dutt, Surya V.
245 00 - TITLE STATEMENT
Title Comparative education :
Statement of responsibility, etc. Dutt Surya V.
260 ## - PUBLICATION, DISTRIBUTION, ETC. (IMPRINT)
Place of publication, distribution, etc. Pretoria :
Name of publisher, distributor, etc. Van Schaik,
Date of publication, distribution, etc. 2007.
300 ## - PHYSICAL DESCRIPTION
Extent xvii, 267 p. :
Other physical details ill., maps ;
Dimensions 25 cm.
504 ## - BIBLIOGRAPHY, ETC. NOTE
Bibliography, etc Includes bibliographical references and index.
650 #0 - SUBJECT ADDED ENTRY--TOPICAL TERM
Topical term or geographic name as entry element Comparative education.
650 #0 - SUBJECT ADDED ENTRY--TOPICAL TERM
Topical term or geographic name as entry element Education
Form subdivision Cross-cultural studies.
700 1# - ADDED ENTRY--PERSONAL NAME
Personal name Wolhuter, C. C.
Fuller form of name (Charl C.)
700 1# - ADDED ENTRY--PERSONAL NAME
Personal name Lemmer, Eleanor M.
700 1# - ADDED ENTRY--PERSONAL NAME
Personal name De Wet, N. C.
Fuller form of name (Nita Corene)
856 41 - ELECTRONIC LOCATION AND ACCESS
Materials specified Table of contents only
Uniform Resource Identifier <a href="http://www.loc.gov/catdir/toc/fy0712/2007325694.html">http://www.loc.gov/catdir/toc/fy0712/2007325694.html</a>
942 ## - ADDED ENTRY ELEMENTS (KOHA)
Source of classification or shelving scheme Library of Congress Classification
Koha item type General circulation
Holdings
Withdrawn status Lost status Source of classification or shelving scheme Damaged status Not for loan Home library Current library Shelving location Date acquired Source of acquisition Total Checkouts Full call number Barcode Date last seen Date last checked out Price effective from Koha item type Public note
    Library of Congress Classification     Kitui Town Campus Library Kitui Town Campus Library General Stacks 03/02/2016 Purchase 2 LB 43 .C6 2007 2025/029002 13/04/2016 12/04/2016 03/02/2016 General circulation A.K.
Kitui, Kenya.
+254736116989
library@seku.ac.ke